Panchayatiraj and Rural Develpment (Record no. 226533)
[ view plain ]
| 000 -LEADER | |
|---|---|
| fixed length control field | 00873nam a22002057a 4500 |
| 005 - DATE AND TIME OF LATEST TRANSACTION | |
| control field | 20250813180141.0 |
| 008 - FIXED-LENGTH DATA ELEMENTS--GENERAL INFORMATION | |
| fixed length control field | 230202b ||||| |||| 00| 0 eng d |
| 020 ## - INTERNATIONAL STANDARD BOOK NUMBER | |
| International Standard Book Number | 9788195037384 |
| 040 ## - CATALOGING SOURCE | |
| Transcribing agency | AL |
| 041 ## - LANGUAGE CODE | |
| Language code of text/sound track or separate title | English |
| 082 ## - DEWEY DECIMAL CLASSIFICATION NUMBER | |
| Classification number | 320.80954 |
| Item number | ABHP |
| 100 ## - MAIN ENTRY--PERSONAL NAME | |
| Personal name | Abhijit Anil Pilkhane |
| 9 (RLIN) | 70618 |
| 245 ## - TITLE STATEMENT | |
| Title | Panchayatiraj and Rural Develpment |
| 260 ## - PUBLICATION, DISTRIBUTION, ETC. | |
| Place of publication, distribution, etc. | Jaipur |
| Name of publisher, distributor, etc. | Satyam Publishers and Distributors |
| Date of publication, distribution, etc. | 2022 |
| 300 ## - PHYSICAL DESCRIPTION | |
| Extent | 219P. |
| Other physical details | HB |
| Dimensions | 23x14cm. |
| 365 ## - TRADE PRICE | |
| Source of price type code | General |
| Price type code | 22 |
| Price amount | ₹1237.00 |
| Unit of pricing | ₹1695.00 |
| Price note | 27% |
| Price effective from | 16-09-2022 |
| 520 ## - SUMMARY, ETC. | |
| Summary, etc. | Historical Back group;Role of Womens in Panchayati Raj;Panchayati Raj;Importance and value Democracy ;Political Atmosphere and Womens Role ;Political Participation of Women;Impact of Panchayati Raj Act,1992 on Women Political Empowerment;Rural Economics;Rural Development ;Bibliography. |
| 650 ## - SUBJECT ADDED ENTRY--TOPICAL TERM | |
| Source of heading or term | Political science |
| 942 ## - ADDED ENTRY ELEMENTS (KOHA) | |
| Source of classification or shelving scheme | Dewey Decimal Classification |
| Koha item type | Book |
| Withdrawn status | Lost status | Source of classification or shelving scheme | Damaged status | Not for loan | Collection code | Home library | Current library | Date acquired | Source of acquisition | Cost, normal purchase price | Total Checkouts | Full call number | Barcode | Date last seen | Date last checked out | Cost, replacement price | Price effective from | Koha item type |
|---|---|---|---|---|---|---|---|---|---|---|---|---|---|---|---|---|---|---|
| Dewey Decimal Classification | MSW | St Aloysius PG Library | St Aloysius PG Library | 01/21/2023 | Saraswati Publishers and Distributors | 1237.00 | 1 | 320.80954 ABHP | PG024189 | 07/16/2024 | 07/06/2024 | 1695.00 | 02/02/2023 | Book |